000 00979nam a22002537a 4500
001 76266
003 BD-RjUL
005 20211209082822.0
008 191118s2012 bg ||||| b||| 001 0 ben d
020 _a9789844105775
035 _a(BD-RjUL)76487
040 _aBD-RjUL
_beng
_cBD-RjUL
041 _aeng
082 _223
_a307.772095492
_bTAA 2012
100 _a তরু, মাযহারুল ইসলাম
_9235063
245 _aআদিবাসী লোকজীবন /
_cমাযহারুল ইসলাম তরু
260 _aঢাকা :
_bমাওলা ব্রাদার্স,
_c২০১২
300 _a১৮০ পৃ. ;
_c২২ সেমি.
504 _aবিবলিওগ্রাফি ও ইনডেক্স সম্বলিত।
650 _aTribal culture
_zBangladesh
_9235035
650 _aTribes
_xSocial life and customs
_9235064
700 _aমজিদ, মুস্তাফা
_9235066
942 _2ddc
_cBK
999 _c76266
_d76266